Anglicko-český a česko-anglický slovník ekologie a životního prostředí. : English-Czech and Czech English Environmental Dictionary

Uložené v:
Podrobná bibliografia
Médium: Kniha
Vydavateľské údaje: Praha : Živá planeta-Fontána, 1998
Vydanie:1.
Predmet:
Tagy: Pridať tag
Žiadne tagy, Buďte prvý, kto otaguje tento záznam!

MARC

LEADER 00000nam a22000003a 4500
001 stu51858
005 20150408180054.0
008 000201s1998----xr----------------------d
020 |a 80-238-2760-X 
020 |a 80-86179-11-7 
040 |a STU  |b slo 
041 0
044 |a xr 
080 |a 801.323.2=20=850=20:504 
245 |a Anglicko-český a česko-anglický slovník ekologie a životního prostředí. :  |b English-Czech and Czech English Environmental Dictionary 
250 |a 1. 
260 |a Praha :  |b Živá planeta-Fontána,  |c 1998 
300 |a 598 s 
650 7 |a Slovníky odborné anglicko-české a česko-anglické  |2 stusub 
650 7 |a Ekológia-slovníky jazykové  |2 stusub 
650 7 |a Prostredie životné-slovníky jazykové  |2 stusub 
996 |b 284M000398  |c M*10344-1  |l MMKN  |s A  |a 24  |w stu51858_0001